| Hint | Answer | % Correct |
|---|---|---|
| 3 | Fuck My Computer | 100%
|
| 2 | iPod Touch | 100%
|
| 1 | London Song | 100%
|
| 4 | CSIRAC | 89%
|
| 5 | Delete | 89%
|
| 8 | Infohazard | 89%
|
| 11 | It's You (with daine) | 89%
|
| 12 | All At Once | 78%
|
| 9 | Battery Death | 78%
|
| 7 | All I Am | 67%
|
| 10 | Sing Good | 67%
|
| 6 | ฅ^•ﻌ•^ฅ | 56%
|